A DiscoverEU program hatása a fiatalok utazási szokásaira
| Szerző: | |
|---|---|
| További közreműködők: | |
| Dokumentumtípus: | Diplomadolgozat |
| Kulcsszavak: | DiscoverEU Európai Unió Interrail utazási szokások Z generáció |
| Online Access: | http://dolgozattar.uni-bge.hu/59487 |
MARC
| LEADER | 00000nta a2200000 i 4500 | ||
|---|---|---|---|
| 001 | dolg59487 | ||
| 005 | 20260409145130.0 | ||
| 008 | 260409suuuu hu om 000 hun d | ||
| 040 | |a BGE Dolgozattár Repozitórium |b hun | ||
| 041 | |a hu | ||
| 100 | 1 | |a Machó Bíborka Maja | |
| 245 | 1 | 2 | |a A DiscoverEU program hatása a fiatalok utazási szokásaira |c Machó Bíborka Maja |h [elektronikus dokumentum] |
| 520 | 3 | |a A turizmusban résztvevők száma folyamatosan emelkedik. Ez a közlekedési infrastruktúráranehezedő nyomás mellett növeli az iparághoz tartozó környezetszennyezést is. A Föld szén-dioxid kibocsátásának közel 8%-áért a turizmus felelős, ennek közel a fele a közlekedésbőlszármazik. Ezért sürgetővé vált a klímatudatos utazás biztosítása, népszerűsítése az EurópaiUnióban is. Európa fejlett vasúti infrastruktúrával, számos gyorsvasúttal rendelkezik, melyetaz Unió a vasút tematikus évével kívánt népszerűsíteni 2021-ben. Ehhez és a 2022-es EurópaiIfjúsági Évhez kapcsolódik TDK dolgozatom, aminek a fő témája a DiscoverEU program.Ebben a programban az EU Interrail bérleteket oszt ki a 18 évesek között, ezzel lehetőségetnyújt a vasúti utazás kipróbálására és a kontinens felfedezésére. Kutatásom fő célja annakbizonyítása volt, hogy ez a program valóban hatással van-e a Z generáció utazási szokásaira,hozzájárul-e a fenntartható turizmus eléréshez a kontinensen. Kutatási kérdéseim azalapcélomhoz kapcsolódtak: hogyan befolyásolja ez a program az európai turizmust, illetvemiként járul hozzá a környezettudatosság előmozdításához. A szakirodalom feldolgozásamellett a kérdőíves kutatást és az interjút választottam, hogy közvetlenül a programbanrésztvevőket, szervezőket kérdezzem meg. A kutatásom alapját a több mint 92 ezer fővelrendelkező #DiscoverEU Official Facebook csoportban (ami a programban érdekelt fiatalokattömöríti) angol nyelven közzétett kérdőívem adja. A kitöltők utazási motivációja és költségeimellett fenntarthatósággal kapcsolatban is kérdeztem őket. Az adatokat alapstatisztikákszámítása mellett hipotézisvizsgálatokkal (Kruskal-Wallis-teszt, Mann-Whitney-próba)elemeztem, továbbá Spearman-féle rangkorrelációs együtthatóval vizsgáltam a változókkapcsolatának szorosságát. Az eredmények nem egyértelműen pozitívak. A klímatudatosság alegkevésbé befolyásolta a válaszadókat, ami megcáfolja a környezettudatossághoz kapcsolódóalapfeltevésemet. A válaszadók 77%-a nagy valószínűséggel választaná ismét a vasutat azeurópai utazásához. Ez viszont azt mutatja, hogy a program jó módszer a vasúti utazásnépszerűsítésére. Készítettem továbbá egy interjút az Európai Bizottság DiscoverEUprogrammal foglalkozó csapat vezetőjével. Az interjú a kérdőív tematikájára épült. Ezen felüla motivációikról, a program hatásának a mérhetőségéről és a jövőről is kérdeztem őt. A kétmódszer eredményei összhangban voltak. A program pozitív hatása több szempontból islátszik. | |
| 695 | |a DiscoverEU | ||
| 695 | |a Európai Unió | ||
| 695 | |a Interrail | ||
| 695 | |a utazási szokások | ||
| 695 | |a Z generáció | ||
| 700 | 1 | |a Petykó Csilla |e ths | |
| 856 | 4 | 0 | |u http://dolgozattar.uni-bge.hu/59487/1/Mach%C3%B3%20B%C3%ADborka%20Maja%20-%20szakdolgozat.pdf |z Dokumentum-elérés |
| 856 | 4 | 0 | |u http://dolgozattar.uni-bge.hu/59487/2/Mach%C3%B3%20B%C3%ADborka.pdf |z Dokumentum-elérés |